| 000 | 00376nam a2200133Ia 4500 | ||
|---|---|---|---|
| 008 | 240624s9999 xx 000 0 und d | ||
| 041 | _aeng | ||
| 082 | _a658 NAT | ||
| 100 | _aNATARAJAN B | ||
| 245 | _aDEVELOPING ANALYTICAL SKILLS CASE STUDIE | ||
| 260 |
_c2008 _aMumbai _bShroff Publishers & Distributors Pvt.Ltd. |
||
| 300 | _axiii, : 615 : p. : cm. ; 23 | ||
| 365 |
_cRS _b25 |
||
| 999 |
_c19045 _d19045 |
||